Normal view
MARC view
Entry Geographic Name
001 - CONTROL NUMBER
- control field: 37366
003 - CONTROL NUMBER IDENTIFIER
- control field: dpl
005 - DATE AND TIME OF LATEST TRANSACTION
- control field: 20111221162357.0
008 - FIXED-LENGTH DATA ELEMENTS
- fixed length control field: 111221|||a|||||| | ||| d
040 ## - CATALOGING SOURCE
- Original cataloging agency: dpl
- Transcribing agency: dpl
151 ## - HEADING--GEOGRAPHIC NAME
- Geographic name: Caucasus
- General subdivision: Foreign economic relations.
670 ## - SOURCE DATA FOUND
- Source citation: Work cat.: (dpl)0: Central Asia and the Caucasus :, 2011
670 ## - SOURCE DATA FOUND
- Source citation: Work cat.: (dpl)0: Central Asia and the Caucasus :, 2011
